[Event "dgcs"]
[Site "Ostrow Wielkopolski"]
[Date "2019.10.04"]
[Round "4.4"]
[White "Jedynak, Radoslaw"]
[Black "Lewandowski, Krzysztof"]
[Result "0-1"]
[BlackElo "2081"]
[WhiteElo "2382"]
[LiveChessVersion "1.4.8"]

1. d4 {[%clk 0:10:03]} Nf6 {[%clk 0:10:04]} 2. c4 {[%clk 0:10:05]} g6
{[%clk 0:10:04]} 3. Nc3 {[%clk 0:10:06]} Bg7 {[%clk 0:10:06]} 4. e4
{[%clk 0:10:07]} d6 {[%clk 0:10:07]} 5. Nf3 {[%clk 0:10:07]} O-O {[%clk 0:10:08]}
6. Be2 {[%clk 0:10:09]} e5 {[%clk 0:10:08]} 7. O-O {[%clk 0:10:09]} Nbd7
{[%clk 0:10:09]} 8. d5 {[%clk 0:10:03]} Nc5 {[%clk 0:10:10]} 9. Nd2
{[%clk 0:10:01]} a5 {[%clk 0:10:11]} 10. b3 {[%clk 0:10:02]} Bd7 {[%clk 0:09:31]}
11. Rb1 {[%clk 0:09:54]} c6 {[%clk 0:09:31]} 12. Ba3 {[%clk 0:09:49]} b6
{[%clk 0:09:19]} 13. dxc6 {[%clk 0:09:38]} Bxc6 {[%clk 0:09:20]} 14. Bf3
{[%clk 0:08:04]} Ne6 {[%clk 0:09:13]} 15. g3 {[%clk 0:07:32]} Nd4
{[%clk 0:08:57]} 16. Bg2 {[%clk 0:07:33]} Nh5 {[%clk 0:08:36]} 17. Nf3
{[%clk 0:06:28]} f5 {[%clk 0:08:20]} 18. Nxd4 {[%clk 0:06:29]} exd4
{[%clk 0:08:21]} 19. Nd5 {[%clk 0:06:31]} Bxd5 {[%clk 0:07:50]} 20. exd5
{[%clk 0:06:31]} f4 {[%clk 0:07:44]} 21. Qd3 {[%clk 0:06:11]} Qf6
{[%clk 0:07:27]} 22. Bh3 {[%clk 0:05:24]} f3 {[%clk 0:04:54]} 23. Be6+
{[%clk 0:04:57]} Kh8 {[%clk 0:04:56]} 24. Bxd6 {[%clk 0:04:56]} Qg5
{[%clk 0:04:18]} 25. Bxf8 {[%clk 0:03:03]} Rxf8 {[%clk 0:04:19]} 26. Rbe1
{[%clk 0:02:50]} Nf4 {[%clk 0:04:18]} 27. Qe4 {[%clk 0:02:52]} d3
{[%clk 0:04:11]} 28. Kh1 {[%clk 0:02:43]} d2 {[%clk 0:04:11]} 29. Rd1
{[%clk 0:02:42]} Ne2 30. Rb1 {[%clk 0:01:48]} Nc3 {[%clk 0:03:53]} 31. Qc2
{[%clk 0:01:48]} Nxb1 {[%clk 0:03:49]} 32. Rxb1 {[%clk 0:01:49]} h5
{[%clk 0:02:52]} 33. Rd1 {[%clk 0:01:44]} Bh6 {[%clk 0:02:53]} 34. h4
{[%clk 0:01:40]} Qe5 {[%clk 0:02:52]} 35. Qd3 {[%clk 0:01:10]} Qe2
{[%clk 0:02:39]} 36. Qd4+ {[%clk 0:01:01]} Kh7 {[%clk 0:02:34]} 37. Rg1
{[%clk 0:01:03]} Bg7 {[%clk 0:01:07]} 38. Qxb6 {[%clk 0:01:05]} d1=Q
{[%clk 0:01:07]} 39. Rxd1 {[%clk 0:01:06]} Qxd1+ {[%clk 0:01:08]} 40. Kh2
{[%clk 0:01:09]} Rf6 {[%clk 0:00:52]} 41. Qe3 Qe2 {[%clk 0:00:40]} 42. Kg1
{[%clk 0:00:36]} Bh6 {[%clk 0:00:28]} 43. Qa7+ {[%clk 0:00:36]} Kh8
{[%clk 0:00:10]} 44. Qd4 {[%clk 0:00:28]} Bg7 {[%clk 0:00:06]} 45. Qe3
{[%clk 0:00:25]} Kh7 {[%clk 0:00:04]} 46. a3 {[%clk 0:00:21]} Bh6
{[%clk 0:00:05]} 47. Qa7+ {[%clk 0:00:23]} Kh8 {[%clk 0:00:07]} 48. Qd4
{[%clk 0:00:24]} Bg7 {[%clk 0:00:08]} 49. Qe3 {[%clk 0:00:26]} Kh7
{[%clk 0:00:08]} 50. b4 {[%clk 0:00:28]} axb4 {[%clk 0:00:10]} 51. axb4
{[%clk 0:00:31]} Qd1+ {[%clk 0:00:12]} 52. Kh2 {[%clk 0:00:32]} Qf1
{[%clk 0:00:14]} 53. Bh3 {[%clk 0:00:32]} Qe2 {[%clk 0:00:15]} 54. c5
{[%clk 0:00:31]} Qxe3 {[%clk 0:00:14]} 55. fxe3 {[%clk 0:00:33]} f2
{[%clk 0:00:17]} 56. Bf1 {[%clk 0:00:34]} Bf8 {[%clk 0:00:18]} 57. d6
{[%clk 0:00:35]} Rf5 {[%clk 0:00:21]} 58. Kg2 {[%clk 0:00:28]} Kg7
{[%clk 0:00:18]} 59. e4 {[%clk 0:00:23]} Re5 {[%clk 0:00:18]} 60. Bd3
{[%clk 0:00:25]} Kf6 {[%clk 0:00:14]} 61. Kxf2 {[%clk 0:00:27]} Re8
{[%clk 0:00:15]} 62. Ke3 {[%clk 0:00:29]} Ke5 {[%clk 0:00:18]} 63. Ba6
{[%clk 0:00:21]} Bh6+ {[%clk 0:00:19]} 64. Kd3 {[%clk 0:00:23]} Rb8
{[%clk 0:00:19]} 65. b5 {[%clk 0:00:24]} Bf8 {[%clk 0:00:21]} 66. Kc4
{[%clk 0:00:23]} Kxe4 {[%clk 0:00:20]} 67. d7 {[%clk 0:00:22]} Ke5
{[%clk 0:00:21]} 68. Bc8 {[%clk 0:00:23]} Be7 {[%clk 0:00:23]} 69. c6
{[%clk 0:00:26]} Kd6 {[%clk 0:00:25]} 70. Bb7 {[%clk 0:00:14]} Kc7
{[%clk 0:00:26]} 71. Kd5 {[%clk 0:00:15]} Bb4 {[%clk 0:00:14]} 72. Bc8
{[%clk 0:00:16]} Be1 {[%clk 0:00:12]} 73. Ke6 {[%clk 0:00:09]} Kd8
{[%clk 0:00:14]} 74. c7+ Kxc7 0-1

[Event "dgcs"]
[Site "Ostrow Wielkopolski"]
[Date "2019.10.04"]
[Round "4.5"]
[White "Delega, Tomasz"]
[Black "Janaszak, Dawid"]
[Result "0-1"]
[BlackElo "2256"]
[WhiteElo "2004"]
[LiveChessVersion "1.4.8"]

1. d4 {[%clk 0:10:03]} Nf6 {[%clk 0:10:03]} 2. Nf3 {[%clk 0:10:03]} g6
{[%clk 0:10:03]} 3. Nc3 {[%clk 0:09:49]} Bg7 {[%clk 0:09:53]} 4. e4
{[%clk 0:09:50]} d6 {[%clk 0:09:47]} 5. g3 {[%clk 0:09:30]} O-O {[%clk 0:09:45]}
6. Bg2 {[%clk 0:09:32]} Nc6 {[%clk 0:08:03]} 7. O-O {[%clk 0:09:15]} e5
{[%clk 0:08:02]} 8. Be3 {[%clk 0:08:50]} Ng4 {[%clk 0:07:56]} 9. Bg5
{[%clk 0:08:35]} f6 {[%clk 0:07:48]} 10. Bc1 {[%clk 0:08:30]} Kh8
{[%clk 0:07:27]} 11. h3 {[%clk 0:08:28]} Nh6 {[%clk 0:07:28]} 12. dxe5
{[%clk 0:07:07]} fxe5 {[%clk 0:07:20]} 13. Bg5 {[%clk 0:06:37]} Qd7
{[%clk 0:07:03]} 14. Nd5 {[%clk 0:06:25]} Ng8 {[%clk 0:06:39]} 15. Qd2
{[%clk 0:06:00]} b6 {[%clk 0:06:02]} 16. c3 {[%clk 0:05:00]} Ba6 {[%clk 0:05:39]}
17. Rfe1 {[%clk 0:04:45]} Na5 {[%clk 0:05:11]} 18. b3 {[%clk 0:04:26]} Rae8
{[%clk 0:04:12]} 19. Rad1 {[%clk 0:04:26]} Bb7 {[%clk 0:04:05]} 20. Kh2 Nc6
{[%clk 0:03:49]} 21. c4 {[%clk 0:04:00]} a5 {[%clk 0:03:49]} 22. a3
{[%clk 0:03:48]} Qf7 {[%clk 0:02:58]} 23. Be3 {[%clk 0:03:34]} Nd8
{[%clk 0:02:55]} 24. b4 {[%clk 0:03:22]} axb4 {[%clk 0:02:57]} 25. axb4
{[%clk 0:03:24]} Ne6 {[%clk 0:02:56]} 26. Ra1 {[%clk 0:03:14]} Ra8
{[%clk 0:02:58]} 27. h4 {[%clk 0:02:59]} Nf6 {[%clk 0:02:53]} 28. Nxf6
{[%clk 0:02:52]} Qxf6 {[%clk 0:02:42]} 29. Ng5 {[%clk 0:02:50]} Nd4
{[%clk 0:02:36]} 30. Bxd4 {[%clk 0:02:34]} exd4 {[%clk 0:02:31]} 31. e5
{[%clk 0:02:16]} Qxf2 32. Re2 Qxg2+ {[%clk 0:00:46]} 33. Rxg2 {[%clk 0:02:16]}
Rxa1 {[%clk 0:00:48]} 34. Ne6 {[%clk 0:02:00]} Rff1 35. Kh3 {[%clk 0:01:30]} Bc8
{[%clk 0:00:51]} 36. Rf2 {[%clk 0:00:55]} Bxe6+ {[%clk 0:00:44]} 37. Kg2
{[%clk 0:00:57]} Rg1+ {[%clk 0:00:38]} 38. Kf3 {[%clk 0:00:58]} Bxe5
{[%clk 0:00:33]} 39. Qg5 {[%clk 0:00:55]} Rxg3+ {[%clk 0:00:32]} 40. Qxg3
{[%clk 0:00:54]} Bxg3 {[%clk 0:00:34]} 41. Kxg3 {[%clk 0:00:56]} Bxc4
{[%clk 0:00:35]} 0-1

[Event "dgcs"]
[Site "Ostrow Wielkopolski"]
[Date "2019.10.04"]
[Round "5.1"]
[White "Krzywda, Andrzej"]
[Black "Budrewicz, Krzysztof"]
[Result "1-0"]
[BlackElo "2336"]
[WhiteElo "2067"]
[LiveChessVersion "1.4.8"]

1. d4 {[%clk 0:10:05]} d6 {[%clk 0:10:04]} 2. c4 {[%clk 0:10:05]} e5
{[%clk 0:10:02]} 3. dxe5 {[%clk 0:10:06]} dxe5 {[%clk 0:10:03]} 4. Qxd8+
{[%clk 0:10:07]} Kxd8 {[%clk 0:10:05]} 5. Nf3 {[%clk 0:10:06]} f6
{[%clk 0:10:05]} 6. Nc3 {[%clk 0:10:06]} Be6 {[%clk 0:10:05]} 7. b3
{[%clk 0:09:52]} c6 {[%clk 0:09:58]} 8. Bb2 {[%clk 0:09:47]} Nd7 {[%clk 0:09:58]}
9. Rg1 {[%clk 0:09:43]} h5 {[%clk 0:09:28]} 10. e3 {[%clk 0:08:43]} h4
{[%clk 0:08:37]} 11. g4 {[%clk 0:08:09]} hxg3 {[%clk 0:08:36]} 12. hxg3
{[%clk 0:08:10]} Ne7 {[%clk 0:08:28]} 13. g4 {[%clk 0:07:57]} g5 {[%clk 0:08:03]}
14. O-O-O {[%clk 0:07:40]} Ke8 {[%clk 0:07:55]} 15. Ne4 {[%clk 0:07:24]} Nc8
{[%clk 0:07:54]} 16. Rxd7 {[%clk 0:06:09]} Kxd7 {[%clk 0:07:41]} 17. Nxf6+
{[%clk 0:06:02]} Ke7 {[%clk 0:07:41]} 18. Nxe5 {[%clk 0:05:28]} Kxf6
{[%clk 0:07:07]} 19. Nf3+ {[%clk 0:04:52]} Ke7 {[%clk 0:06:35]} 20. Bxh8
{[%clk 0:04:51]} Bh6 {[%clk 0:06:29]} 21. Rh1 {[%clk 0:03:43]} Bxg4
{[%clk 0:06:24]} 22. Ne5 1-0

[Event "dgcs"]
[Site "Ostrow Wielkopolski"]
[Date "2019.10.04"]
[Round "5.2"]
[White "Przybylski, Wojciech"]
[Black "Dudzinski, Pawel"]
[Result "1-0"]
[BlackElo "2188"]
[WhiteElo "2286"]
[LiveChessVersion "1.4.8"]

1. e4 {[%clk 0:10:03]} c6 {[%clk 0:10:06]} 2. d4 {[%clk 0:10:04]} d5
{[%clk 0:10:08]} 3. e5 {[%clk 0:10:04]} c5 {[%clk 0:10:10]} 4. Nf3
{[%clk 0:09:56]} Nc6 {[%clk 0:10:10]} 5. c4 {[%clk 0:09:42]} Bg4 {[%clk 0:09:48]}
6. dxc5 {[%clk 0:08:10]} dxc4 {[%clk 0:09:33]} 7. Qa4 {[%clk 0:07:19]} e6
{[%clk 0:09:18]} 8. Qxc4 {[%clk 0:06:24]} Bxf3 {[%clk 0:09:09]} 9. gxf3
{[%clk 0:06:26]} Qa5+ {[%clk 0:08:35]} 10. Nc3 {[%clk 0:05:36]} Qxc5
{[%clk 0:08:37]} 11. f4 {[%clk 0:05:11]} Nh6 {[%clk 0:07:08]} 12. Be3
{[%clk 0:05:04]} Qxc4 {[%clk 0:07:08]} 13. Bxc4 {[%clk 0:05:06]} Nf5
{[%clk 0:07:07]} 14. Bb5 {[%clk 0:04:07]} Rc8 {[%clk 0:06:49]} 15. Bxa7
{[%clk 0:04:04]} Bb4 {[%clk 0:06:47]} 16. Rc1 {[%clk 0:03:49]} O-O
{[%clk 0:06:30]} 17. Be3 {[%clk 0:03:19]} Ncd4 {[%clk 0:06:32]} 18. Bd3
{[%clk 0:03:15]} Rfd8 {[%clk 0:05:52]} 19. Be4 {[%clk 0:03:13]} Bxc3+
{[%clk 0:05:20]} 20. bxc3 {[%clk 0:02:56]} Nb5 {[%clk 0:05:19]} 21. c4
{[%clk 0:02:40]} Nxe3 {[%clk 0:04:54]} 22. fxe3 {[%clk 0:02:41]} Rd7
{[%clk 0:04:56]} 23. Ke2 {[%clk 0:02:33]} Na3 {[%clk 0:04:14]} 24. c5
{[%clk 0:01:57]} Rdc7 {[%clk 0:03:59]} 25. Rhd1 {[%clk 0:01:34]} g6
{[%clk 0:04:01]} 26. Rd3 {[%clk 0:01:31]} Nb5 {[%clk 0:04:03]} 27. a4
{[%clk 0:01:32]} Na7 {[%clk 0:04:06]} 28. Rb3 {[%clk 0:01:28]} Nc6
{[%clk 0:04:02]} 29. Rb5 {[%clk 0:01:26]} Ra8 {[%clk 0:04:02]} 30. Rxb7
{[%clk 0:01:27]} Rxb7 {[%clk 0:04:01]} 31. Bxc6 {[%clk 0:01:28]} Rb2+
{[%clk 0:04:02]} 32. Kf3 {[%clk 0:01:30]} Rd8 {[%clk 0:03:54]} 33. Bb5
{[%clk 0:01:27]} Kf8 {[%clk 0:01:15]} 34. c6 {[%clk 0:01:29]} Rc8
{[%clk 0:00:47]} 35. c7 {[%clk 0:01:10]} Ke7 {[%clk 0:00:50]} 36. Ba6
{[%clk 0:01:00]} Kd7 {[%clk 0:00:52]} 37. Rd1+ {[%clk 0:00:58]} Kxc7
{[%clk 0:00:54]} 38. Rc1+ {[%clk 0:01:01]} Kd7 {[%clk 0:00:56]} 39. Bxc8+
{[%clk 0:01:00]} Ke8 {[%clk 0:00:58]} 40. h3 {[%clk 0:01:00]} 1-0

[Event "dgcs"]
[Site "Ostrow Wielkopolski"]
[Date "2019.10.04"]
[Round "5.3"]
[White "Janaszak, Dawid"]
[Black "Lewandowski, Krzysztof"]
[Result "1-0"]
[BlackElo "2081"]
[WhiteElo "2256"]
[LiveChessVersion "1.4.8"]

1. c4 Nf6 {[%clk 0:08:14]} 2. Nc3 {[%clk 0:10:05]} g6 {[%clk 0:08:15]} 3. g3
{[%clk 0:10:07]} Bg7 {[%clk 0:08:16]} 4. Bg2 {[%clk 0:10:09]} O-O
{[%clk 0:08:15]} 5. d4 {[%clk 0:10:10]} c5 {[%clk 0:08:14]} 6. Nf3
{[%clk 0:10:11]} cxd4 {[%clk 0:08:15]} 7. Nxd4 {[%clk 0:10:11]} Qc7
{[%clk 0:08:17]} 8. b3 {[%clk 0:09:42]} d5 {[%clk 0:08:18]} 9. O-O
{[%clk 0:09:37]} dxc4 {[%clk 0:08:19]} 10. Ndb5 {[%clk 0:09:25]} Qb6
{[%clk 0:08:08]} 11. bxc4 {[%clk 0:09:22]} a6 {[%clk 0:08:00]} 12. Na4
{[%clk 0:08:59]} Qa5 13. Bd2 {[%clk 0:08:09]} Qd8 {[%clk 0:07:33]} 14. Nbc3
{[%clk 0:08:05]} Nc6 {[%clk 0:06:33]} 15. Rb1 {[%clk 0:08:02]} Rb8
{[%clk 0:06:13]} 16. Bxc6 {[%clk 0:07:58]} Bh3 {[%clk 0:05:50]} 17. Bg2
{[%clk 0:07:56]} Bf5 {[%clk 0:05:49]} 18. Rxb7 {[%clk 0:07:49]} Rxb7
{[%clk 0:05:42]} 19. Bxb7 {[%clk 0:07:50]} Qc7 20. Bg2 {[%clk 0:06:40]} Rd8
{[%clk 0:05:28]} 21. Nd5 {[%clk 0:06:33]} Qxc4 {[%clk 0:05:12]} 22. Nxe7+
{[%clk 0:06:33]} Kh8 {[%clk 0:05:12]} 23. Nxf5 {[%clk 0:06:34]} gxf5
{[%clk 0:04:51]} 24. Nc3 Ne4 {[%clk 0:04:52]} 25. Nxe4 {[%clk 0:05:10]} fxe4 26.
Qc1 {[%clk 0:05:09]} Qxa2 {[%clk 0:04:50]} 27. Bc3 Qxe2 {[%clk 0:04:38]} 28.
Bxg7+ {[%clk 0:05:11]} Kxg7 {[%clk 0:04:40]} 29. Qg5+ {[%clk 0:05:13]} 1-0

[Event "dgcs"]
[Site "Ostrow Wielkopolski"]
[Date "2019.10.04"]
[Round "5.4"]
[White "Plichta, Kamil"]
[Black "Tadzik, Dariusz"]
[Result "1-0"]
[BlackElo "1650"]
[WhiteElo "2409"]
[LiveChessVersion "1.4.8"]

1. d4 {[%clk 0:10:05]} d5 {[%clk 0:10:06]} 2. c4 {[%clk 0:10:07]} c6
{[%clk 0:10:08]} 3. Nc3 {[%clk 0:10:09]} Nf6 {[%clk 0:10:10]} 4. Nf3
{[%clk 0:10:11]} dxc4 {[%clk 0:10:09]} 5. a4 {[%clk 0:10:13]} Bf5
{[%clk 0:10:08]} 6. Ne5 {[%clk 0:10:15]} e6 {[%clk 0:10:07]} 7. f3
{[%clk 0:10:17]} a5 {[%clk 0:10:05]} 8. e4 {[%clk 0:10:19]} Bg6 {[%clk 0:10:07]}
9. Bxc4 {[%clk 0:10:20]} Nbd7 {[%clk 0:10:09]} 10. Nxg6 {[%clk 0:10:14]} hxg6
{[%clk 0:10:10]} 11. Be3 {[%clk 0:10:16]} Bb4 {[%clk 0:10:04]} 12. Rc1
{[%clk 0:09:46]} O-O {[%clk 0:09:43]} 13. O-O {[%clk 0:09:45]} c5
{[%clk 0:09:35]} 14. e5 {[%clk 0:09:14]} Ne8 {[%clk 0:09:14]} 15. Ne4
{[%clk 0:09:03]} cxd4 {[%clk 0:08:50]} 16. Qxd4 {[%clk 0:09:04]} Qe7
{[%clk 0:08:05]} 17. Rfd1 {[%clk 0:08:56]} Rd8 {[%clk 0:07:27]} 18. Bb5
{[%clk 0:08:54]} f5 {[%clk 0:06:58]} 19. Bg5 {[%clk 0:08:49]} Bc5
{[%clk 0:06:40]} 20. Bxe7 {[%clk 0:08:47]} Bxd4+ {[%clk 0:06:41]} 21. Rxd4
{[%clk 0:08:48]} fxe4 {[%clk 0:06:32]} 22. Bxf8 {[%clk 0:08:50]} Kxf8
{[%clk 0:06:29]} 23. Rxd7 {[%clk 0:08:51]} 1-0

[Event "dgcs"]
[Site "Ostrow Wielkopolski"]
[Date "2019.10.04"]
[Round "5.5"]
[White "Wilgosz, Tomasz"]
[Black "Jedynak, Radoslaw"]
[Result "0-1"]
[BlackElo "2382"]
[WhiteElo "1602"]
[LiveChessVersion "1.4.8"]

1. e4 {[%clk 0:10:05]} e6 {[%clk 0:10:05]} 2. d4 {[%clk 0:10:04]} d5
{[%clk 0:10:07]} 3. e5 {[%clk 0:10:04]} c5 {[%clk 0:10:06]} 4. c3
{[%clk 0:10:06]} Qb6 {[%clk 0:10:05]} 5. Nf3 {[%clk 0:10:05]} Bd7
{[%clk 0:10:07]} 6. Bd3 {[%clk 0:10:03]} cxd4 {[%clk 0:10:04]} 7. cxd4
{[%clk 0:10:03]} Bb5 {[%clk 0:10:05]} 8. Nc3 {[%clk 0:09:36]} Bxd3
{[%clk 0:10:04]} 9. Qxd3 {[%clk 0:09:35]} Nc6 {[%clk 0:10:05]} 10. b3
{[%clk 0:08:49]} Nge7 {[%clk 0:10:04]} 11. Na4 {[%clk 0:07:40]} Qc7
{[%clk 0:09:59]} 12. Be3 {[%clk 0:07:27]} Nf5 {[%clk 0:09:58]} 13. O-O
{[%clk 0:07:22]} Ba3 {[%clk 0:09:51]} 14. Nc3 {[%clk 0:06:50]} a6
{[%clk 0:09:33]} 15. Bc1 {[%clk 0:06:35]} Be7 {[%clk 0:09:19]} 16. Bb2
{[%clk 0:06:10]} O-O {[%clk 0:09:15]} 17. Rac1 {[%clk 0:06:11]} Rfc8
{[%clk 0:09:03]} 18. Rc2 {[%clk 0:05:41]} Nb4 {[%clk 0:09:03]} 19. Nxd5
{[%clk 0:04:40]} Qxc2 {[%clk 0:08:36]} 20. Qxc2 {[%clk 0:04:13]} Rxc2
{[%clk 0:08:34]} 21. Nxe7+ {[%clk 0:03:30]} Nxe7 {[%clk 0:08:34]} 22. Ba3
{[%clk 0:03:28]} Ned5 {[%clk 0:08:35]} 23. Bxb4 {[%clk 0:03:04]} Nxb4
{[%clk 0:08:35]} 24. a3 {[%clk 0:03:06]} Nd5 {[%clk 0:08:33]} 25. h3
{[%clk 0:02:57]} Rac8 {[%clk 0:08:29]} 26. Ne1 {[%clk 0:02:49]} Rc1
{[%clk 0:08:30]} 27. Nd3 {[%clk 0:02:45]} Rxf1+ {[%clk 0:08:31]} 28. Kxf1
{[%clk 0:02:47]} Rc3 {[%clk 0:08:32]} 29. Nc5 {[%clk 0:02:46]} b6
{[%clk 0:08:33]} 30. Nxa6 {[%clk 0:02:43]} Rxb3 {[%clk 0:08:35]} 31. a4
{[%clk 0:02:38]} Nc3 {[%clk 0:08:32]} 32. f4 {[%clk 0:02:19]} Nxa4
{[%clk 0:08:33]} 33. Kf2 {[%clk 0:02:18]} Rb1 {[%clk 0:08:33]} 34. Nc7
{[%clk 0:02:14]} b5 {[%clk 0:08:35]} 35. d5 {[%clk 0:02:15]} exd5
{[%clk 0:08:36]} 36. Nxd5 {[%clk 0:02:17]} b4 {[%clk 0:08:38]} 37. f5
{[%clk 0:02:16]} Nc5 {[%clk 0:08:39]} 38. Ke2 {[%clk 0:02:10]} b3
{[%clk 0:08:39]} 39. Kd2 {[%clk 0:02:11]} b2 {[%clk 0:08:37]} 40. Kc2
{[%clk 0:02:08]} Re1 {[%clk 0:08:29]} 41. Kxb2 {[%clk 0:01:57]} Rxe5
{[%clk 0:08:30]} 42. Nf4 {[%clk 0:01:50]} Rxf5 {[%clk 0:08:30]} 43. g3
{[%clk 0:01:51]} Rxf4 {[%clk 0:08:32]} 44. gxf4 {[%clk 0:01:52]} Nd3+
{[%clk 0:08:33]} 45. Kc3 {[%clk 0:01:53]} Nxf4 {[%clk 0:08:35]} 46. h4
{[%clk 0:01:54]} Ng6 {[%clk 0:08:37]} 47. h5 {[%clk 0:01:54]} Nf4
{[%clk 0:08:38]} 0-1

[Event "dgcs"]
[Site "Ostrow Wielkopolski"]
[Date "2019.10.04"]
[Round "5.6"]
[White "Andrejczuk, Beata"]
[Black "Delega, Tomasz"]
[Result "1-0"]
[BlackElo "2004"]
[WhiteElo "1981"]
[LiveChessVersion "1.4.8"]

1. e4 {[%clk 0:10:05]} Nf6 {[%clk 0:10:01]} 2. Nc3 {[%clk 0:10:04]} d5
{[%clk 0:10:02]} 3. e5 {[%clk 0:10:04]} Nfd7 {[%clk 0:09:57]} 4. d4
{[%clk 0:09:56]} c5 {[%clk 0:09:48]} 5. f4 {[%clk 0:09:23]} e6 {[%clk 0:09:12]}
6. Nf3 {[%clk 0:09:15]} Nc6 {[%clk 0:08:42]} 7. Be3 {[%clk 0:09:08]} cxd4
{[%clk 0:08:30]} 8. Nxd4 {[%clk 0:09:03]} Nxd4 {[%clk 0:08:25]} 9. Bxd4
{[%clk 0:09:01]} Nb8 {[%clk 0:07:55]} 10. Bd3 {[%clk 0:08:08]} Nc6
{[%clk 0:07:37]} 11. Bf2 {[%clk 0:08:06]} Bb4 {[%clk 0:07:30]} 12. O-O
{[%clk 0:07:59]} Bxc3 {[%clk 0:06:19]} 13. bxc3 {[%clk 0:08:00]} O-O
{[%clk 0:05:32]} 14. Qh5 {[%clk 0:07:57]} h6 15. Bc5 {[%clk 0:06:31]} Re8
{[%clk 0:04:54]} 16. Rf3 Qa5 {[%clk 0:01:12]} 17. Bf2 {[%clk 0:06:22]} Bd7
{[%clk 0:00:52]} 18. Bh4 {[%clk 0:05:40]} Ne7 {[%clk 0:00:33]} 19. Rg3
{[%clk 0:05:17]} Bb5 {[%clk 0:00:24]} 20. Bf6 {[%clk 0:04:30]} Ng6 1-0

[Event "dgcs"]
[Site "Ostrow Wielkopolski"]
[Date "2019.10.04"]
[Round "6.1"]
[White "Przybylski, Wojciech"]
[Black "Krzywda, Andrzej"]
[Result "1/2-1/2"]
[BlackElo "2067"]
[WhiteElo "2286"]
[LiveChessVersion "1.4.8"]

1. e4 {[%clk 0:10:03]} c6 {[%clk 0:10:05]} 2. d4 {[%clk 0:09:49]} d5
{[%clk 0:10:06]} 3. e5 {[%clk 0:09:49]} c5 {[%clk 0:10:08]} 4. dxc5
{[%clk 0:09:47]} e6 {[%clk 0:10:10]} 5. a3 {[%clk 0:09:48]} Bxc5 {[%clk 0:10:11]}
6. b4 {[%clk 0:09:47]} Be7 {[%clk 0:10:12]} 7. Bd3 {[%clk 0:09:46]} a5
{[%clk 0:09:56]} 8. b5 {[%clk 0:09:45]} Nd7 {[%clk 0:09:56]} 9. Qg4
{[%clk 0:09:29]} Nxe5 {[%clk 0:09:24]} 10. Qg3 {[%clk 0:08:55]} Bf6
{[%clk 0:08:34]} 11. Ra2 {[%clk 0:08:01]} Ne7 {[%clk 0:07:48]} 12. Ne2
{[%clk 0:07:40]} Nxd3+ {[%clk 0:06:44]} 13. cxd3 {[%clk 0:06:39]} O-O
{[%clk 0:06:09]} 14. d4 {[%clk 0:05:54]} Nf5 {[%clk 0:05:03]} 15. Qd3
{[%clk 0:05:55]} a4 {[%clk 0:04:31]} 16. f4 {[%clk 0:04:23]} Bd7 {[%clk 0:03:34]}
17. Nbc3 {[%clk 0:03:14]} Qb6 {[%clk 0:03:32]} 18. Rd2 Rfc8 19. Bb2
{[%clk 0:00:50]} Rc4 {[%clk 0:03:33]} 20. g4 Nd6 {[%clk 0:01:15]} 21. O-O
{[%clk 0:00:27]} Nxb5 {[%clk 0:01:04]} 22. Nd1 {[%clk 0:00:25]} Nd6
{[%clk 0:00:39]} 23. g5 {[%clk 0:00:26]} Be7 {[%clk 0:00:41]} 24. Ne3
{[%clk 0:00:17]} Rcc8 {[%clk 0:00:43]} 25. Ng4 {[%clk 0:00:13]} Ne4
{[%clk 0:00:43]} 26. Rfd1 {[%clk 0:00:06]} Nxd2 {[%clk 0:00:42]} 27. Rxd2
{[%clk 0:00:09]} Qb3 {[%clk 0:00:40]} 28. Nc3 {[%clk 0:00:06]} Rc4
{[%clk 0:00:28]} 29. Ne5 {[%clk 0:00:07]} Be8 {[%clk 0:00:17]} 30. Nxc4
{[%clk 0:00:08]} dxc4 {[%clk 0:00:19]} 31. Qc2 {[%clk 0:00:05]} Bxa3
{[%clk 0:00:15]} 32. d5 {[%clk 0:00:05]} Bxb2 {[%clk 0:00:12]} 33. Qxb2 Qxb2
{[%clk 0:00:11]} 34. Rxb2 {[%clk 0:00:09]} exd5 {[%clk 0:00:12]} 35. Nxd5
{[%clk 0:00:09]} b5 {[%clk 0:00:13]} 36. Kf2 {[%clk 0:00:06]} a3 {[%clk 0:00:13]}
37. Ra2 {[%clk 0:00:07]} Kf8 {[%clk 0:00:11]} 38. Ke3 {[%clk 0:00:08]} Ra4
{[%clk 0:00:08]} 39. Kd4 {[%clk 0:00:10]} c3+ {[%clk 0:00:09]} 40. Kxc3
{[%clk 0:00:11]} Rc4+ {[%clk 0:00:10]} 41. Kd3 {[%clk 0:00:13]} Ra4
{[%clk 0:00:06]} 42. Kc3 {[%clk 0:00:10]} Bc6 {[%clk 0:00:06]} 43. Nb4
{[%clk 0:00:12]} Bb7 {[%clk 0:00:05]} 44. Kb3 {[%clk 0:00:06]} Ra8
{[%clk 0:00:07]} 45. Rxa3 {[%clk 0:00:08]} Rxa3+ {[%clk 0:00:08]} 46. Kxa3
{[%clk 0:00:10]} Ke7 {[%clk 0:00:10]} 47. Nd3 {[%clk 0:00:07]} Bf3
{[%clk 0:00:09]} 48. Kb4 {[%clk 0:00:09]} Be2 {[%clk 0:00:11]} 49. Nc5
{[%clk 0:00:07]} f6 {[%clk 0:00:12]} 50. Ne4 {[%clk 0:00:07]} fxg5
{[%clk 0:00:13]} 51. fxg5 {[%clk 0:00:08]} Ke6 {[%clk 0:00:15]} 52. Ng3
{[%clk 0:00:10]} Bc4 {[%clk 0:00:16]} 53. Nh5 {[%clk 0:00:07]} Kf7
{[%clk 0:00:18]} 54. Nf4 {[%clk 0:00:08]} Ke7 {[%clk 0:00:18]} 55. Kc5
{[%clk 0:00:10]} Kf7 {[%clk 0:00:20]} 56. h4 {[%clk 0:00:12]} Bf1
{[%clk 0:00:21]} 57. Kb4 {[%clk 0:00:10]} Ke7 {[%clk 0:00:22]} 58. Kc5
{[%clk 0:00:12]} Kf8 {[%clk 0:00:22]} 59. Ne6+ {[%clk 0:00:10]} Kf7
{[%clk 0:00:23]} 60. Nf4 {[%clk 0:00:12]} Bc4 {[%clk 0:00:24]} 61. Kb4
{[%clk 0:00:12]} h6 {[%clk 0:00:24]} 62. Kc5 {[%clk 0:00:11]} hxg5
{[%clk 0:00:22]} 63. hxg5 {[%clk 0:00:13]} Ke7 {[%clk 0:00:24]} 64. Nh5
{[%clk 0:00:13]} Kf7 {[%clk 0:00:24]} 65. Nf4 {[%clk 0:00:15]} Bf1
{[%clk 0:00:24]} 66. Kb4 {[%clk 0:00:16]} Kf8 {[%clk 0:00:24]} 67. Kc5
{[%clk 0:00:17]} Kg8 {[%clk 0:00:25]} 68. Kb4 {[%clk 0:00:16]} Kf8
{[%clk 0:00:27]} 69. Kc5 {[%clk 0:00:17]} Ke8 {[%clk 0:00:30]} 70. Ne6
{[%clk 0:00:14]} Kf7 {[%clk 0:00:31]} 71. Nf4 {[%clk 0:00:16]} Bc4
{[%clk 0:00:26]} 72. Kb4 {[%clk 0:00:17]} Bf1 {[%clk 0:00:24]} 73. Kc5
{[%clk 0:00:18]} Ke7 {[%clk 0:00:20]} 74. Nh5 {[%clk 0:00:17]} g6
{[%clk 0:00:17]} 75. Nf4 {[%clk 0:00:18]} Kf7 {[%clk 0:00:19]} 76. Kb4
{[%clk 0:00:16]} Bc4 {[%clk 0:00:20]} 77. Kc5 {[%clk 0:00:16]} Kg7
{[%clk 0:00:21]} 78. Kb4 {[%clk 0:00:16]} Bf1 {[%clk 0:00:22]} 79. Kc5
{[%clk 0:00:16]} Kf7 {[%clk 0:00:19]} 80. Kb4 {[%clk 0:00:18]} Kg7
{[%clk 0:00:18]} 1/2-1/2